000 00482nam a2200193 a 4500
001 1766046744513
003 YourLibrary
005 20251222113206.0
008 251218s1996##################000#0#eng##
020 _a9780195109733
082 0 4 _a234.2
_bDVL
100 1 _aDulles, Avery,
_eauthor.
245 1 0 _aThe Assurance of Things Hoped for :
260 _c1996.
300 _a324 pages
650 0 _aReligion.
942 _cENGLISH
040 _aYourLibrary
_beng
_cYourLibrary
999 _c603988
_d603988